Plant growth substances (Record no. 37145)

MARC details
000 -LEADER
fixed length control field 00541nam a2200205Ia 4500
082 ## - DEWEY DECIMAL CLASSIFICATION NUMBER
Classification number 581.143
Item number MAN
245 #0 - TITLE STATEMENT
Title Plant growth substances
260 ## - PUBLICATION, DISTRIBUTION, ETC. (IMPRINT)
Place of publication Washington
Name of publisher American Chemical Society
Year of publication 1979
490 ## - SERIES STATEMENT
Series statement ACS Symposium series. 111
650 ## - SUBJECT ADDED ENTRY--TOPICAL TERM
Topical Term Abscisic acid
650 ## - SUBJECT ADDED ENTRY--TOPICAL TERM
Topical Term Anticytokinin
650 ## - SUBJECT ADDED ENTRY--TOPICAL TERM
Topical Term Ethylene
650 ## - SUBJECT ADDED ENTRY--TOPICAL TERM
Topical Term Gibberellin chemistry
650 ## - SUBJECT ADDED ENTRY--TOPICAL TERM
Topical Term Higher plant
650 ## - SUBJECT ADDED ENTRY--TOPICAL TERM
Topical Term Plant growth
650 ## - SUBJECT ADDED ENTRY--TOPICAL TERM
Topical Term Senescence
700 ## - ADDED ENTRY--PERSONAL NAME
Personal name MANDAVA, N Bhushan
942 ## - ADDED ENTRY ELEMENTS (KOHA)
Koha item type Books
Holdings
Withdrawn status Lost status Damaged status Not for loan Home library Current library Date acquired Full call number Accession Number Koha item type
        RRII Library RRII Library 16/12/2021 581.143 MAN 17532 Books